01585cas a2200349 450000100090000000300060000900500170001500700030003200800410003501000310007602200170010703500240012403700100014804000830015804200140024105000150025511000690027021000310033922200400037024500410041026000680045130000220051931000380054132100290057936200160060844000550062450000650067950003810074465000270112565000410115270000420119310545037AUA.120130528130050.0t|850720c19639999miufr p 0 a0eng c a 74645601 zsc 76000812  a0003-298021 a(OCoLC)ocm01780045  b49104 aMnMULScMnMULSdMBTIdNSDPdDLCdOCoLCdAIPdNSDPdAIPdOCoLCdDLCdTNJdOCoLC ansdpapcc00aBR1b.A53a2 aAndrews University.bSeventh-Day Adventist Theological Seminary.0 aAndrews Univ. Semin. stud. 0aAndrews University Seminary studies10aAndrews University Seminary studies. aBerrien Springs, Mich.,bAndrews University Press.cAutumn 2008 bill.c23 cm.av.: a2 issues yearly,b aFrequency varies,b1963-0 aAutumn 2008 aAndrews University Seminary studies.vVol.46, No.2 a"Journal of the Seventh-Day Adventist Theological Seminary." aContents: Hospitality versus patronage: An Investigation of social dynamics in the third epistle of John; Appraising the myth of nero redivivus in the interpretation of Revelation; Evening or Morning: When does the biblical day begin? On the future of Adventism: Reason or Debate? Questions on doctrine and M. L. Andreasen: The behind the scenes interactions; Review articles; 0aTheologyvPeriodicals. 0aTheological seminariesxPeriodicals. aJerry Moon and John W. ReeveeEditors